header

Plastics and sustainability (Record no. 236410)

MARC details
000 -LEADER
fixed length control field 01976nam a2200361 a 4500
082 04 - DEWEY DECIMAL CLASSIFICATION NUMBER
Classification number 620.1/92323
100 1# - MAIN ENTRY--AUTHOR NAME
Personal name Tolinski, Michael.
245 10 - TITLE STATEMENT
Title Plastics and sustainability
260 ## - PUBLICATION, DISTRIBUTION, ETC. (IMPRINT)
Place of publication Hoboken, N.J. :
Name of publisher John Wiley & Sons ;
Place of publication Salem, Mass. :
Name of publisher Scrivener Pub.,
Year of publication c2012.
300 ## - PHYSICAL DESCRIPTION
Number of Pages xv, 277 p. :
Other physical details ill.
520 ## - SUMMARY, ETC.
Summary, etc "This book addresses an issue of current importance to plastics and manufacturing industry readers, and also to society as a whole. Its guiding question concerns the production, consumption, use, and disposal of plastic products, and how our cultural practice of relying on plastic products can (if it can) fit our needs for a sustainable economy and world. It discusses all possible footprints of plastics use, not just focusing on greenhouse gas production, but also on toxicity and human health, societal standards, and effects on ecosystems"--
650 #0 - SUBJECT ADDED ENTRY--TOPICAL TERM
Topical Term Plastics.
Topical Term Biodegradable plastics.
Topical Term Biopolymers.
Topical Term Plastics
Topical Term Sustainable engineering.
856 40 - ELECTRONIC LOCATION AND ACCESS
Uniform Resource Identifier http://site.ebrary.com/lib/rucke/Doc?id=10518646
520 ## - SUMMARY, ETC.
-- Provided by publisher.

No items available.

© 2026 Rongo University
Contact us: librarian | system librarian | Rongo university